000 01156nam a22002297a 4500
005 20220707091700.0
008 220707b ||||| |||| 00| 0 eng d
040 _cAloy
041 _aeng
082 _223
_a297.09
_bROYH
100 _aM N Roy
_947335
245 _aHistorical role of Islam
260 _aDelhi:
_bAjantha Publishers,
_c1981
300 _avi,91p.
_bHB
_c22x14cm.
365 _2Religion
520 _aThis is a reproduction of a book published before 1923. This book may have occasional imperfections such as missing or blurred pages, poor pictures, errant marks, etc. that were either part of the original artifact, or were introduced by the scanning process. We believe this work is culturally important, and despite the imperfections, have elected to bring it back into print as part of our continuing commitment to the preservation of printed works worldwide. We appreciate your understanding of the imperfections in the preservation process, and hope you enjoy this valuable book.
650 _aIslam
_947336
650 _aHumanism
_947337
650 _aCivilization
_947338
700 _aROY (M N)
_947339
942 _2ddc
_cGF
999 _c223616
_d223616